Á lódáil...
Industrial and labour law Digest
| Príomhúdar: | |
|---|---|
| Formáid: | Printed Book |
| Teanga: | English |
| Foilsithe: |
Metropolitan Book Co.
1962
|
| Ábhair: |
| LEADER | 00549nam a22001697a 4500 | ||
|---|---|---|---|
| 005 | 20151215125439.0 | ||
| 008 | 091209t xxu||||| |||| 00| 0 eng d | ||
| 082 | |a 343.072 095 4 |b AGG | ||
| 100 | |a Aggarawala, Omprakash |9 12928 | ||
| 245 | |a Industrial and labour law Digest | ||
| 300 | |a xxix, 336p. | ||
| 653 | |a Labour law | ||
| 653 | |a Industry | ||
| 942 | |c BK |6 _ | ||
| 260 | |b Metropolitan Book Co. |c 1962 | ||
| 999 | |c 104269 |d 104269 | ||
| 952 | |0 0 |1 0 |2 ddc |4 0 |6 343072_0954 |7 0 |9 131630 |a SMS |b SMS |c GEN |d 2009-12-09 |o 343.072 095 4 |p SMS000808 |r 2009-12-09 |w 2009-12-09 |y BK | ||